000 01086nam a2200277 c 4500
001 190462
003 ES-MaACL
005 20250728111451.0
008 210330s2018 sp a 001 0 spa
020 _a978-84-96146-97-6
080 _a821.134.2(83) Bolaño, Roberto 1.07
080 _a821.134.2(83) Rokha, Pablo de 1.07
080 _a2(0:82)
100 1 _aBoero, Mario.
_9141908
245 1 0 _aPablo de Rokha y Roberto Bolaño :
_bun cuadro chileno bifronte : (un ensayo literario bicéfalo) /
_cMario Boero Vargas.
264 1 _aMadrid :
_bNueva Utopía,
_c2018.
300 _a188 p. :
_b1 il. col. ;
_c21 cm.
504 _aBibliografía: p. 185-188.
600 1 4 _aBolaño, Roberto,
_d1953-2003
_929941
600 0 4 _aRokha, Pablo de
_d1894-1968
_999119
650 7 _aReligión y literatura
_2embne
_9169516
852 4 _aES-MaACL
_jA-14663
_9197639
_bR.152374
_cDEPO1
_dOlim: N-7663
_hDonación: Mario Boero
_gDedicatoria autógrafa del autor
903 _9141908
_aBoero, Mario
_ednr
942 _2udc
_cMONOGRAFIA
999 _c190462
_d190462